| 000 | 00530nam a22001937a 4500 | ||
|---|---|---|---|
| 005 | 20260424114820.0 | ||
| 008 | 260424b |||||||| |||| 00| 0 eng d | ||
| 037 | _cDSWL | ||
| 040 |
_aDSWL _cDSWL |
||
| 041 | _heng | ||
| 084 | _aW:94:5 Q7 | ||
| 100 | _aOommen, T K | ||
| 245 | _aCitizenship, Nationality and Ethnicity | ||
| 260 |
_aJaipur, _bRawat Publication, _c2017 |
||
| 300 | _a270p | ||
| 365 |
_aINR _b1100 |
||
| 942 |
_2CC _cTEXL _hW:94:5 Q7 _n0 |
||
| 999 |
_c1848502 _d1848502 |
||